000 00507nam a2200181 a 4500
001 sa 68008952
003 DLC
005 20260227112538.0
008 980402s1957 ii 000 0 mar
010 _asa 68008952
040 _aDLC
_cDLC
050 0 0 _aPK2418.K63
_bZ8
100 1 _aParāḍakara, Nā. Bā.
245 1 0 _aNāṭakakāra Kolhaṭakara /
_clekhaka Mā. Bā. Parāḍakara.
260 _aPuṇe :
_bManohara Granthamālā,
_c1957?
300 _a20, 96 p. ;
_c19 cm.
546 _aIn Marathi.
999 _c82642
_d82642